000 00439cam a2200193 4500
001 D6621
008 090401t1981 xxu||||| |||| 00| 0 eng d
035 _a(Sirsi) u2037
041 _aeng
050 _a690.24
100 _aLee, Reginald
245 _aBuilding maintenance management
250 _a2nd
260 _aSt. Albans
_bGranada
_c1981
300 _aviii. 360p. 21cm
350 _a10.75
942 _n0
948 _c04/03/1997
999 _c85722
_d85722